000 00827nam a2200301Mi 4500
001 96250
005 20230411090055.0
008 100505r20102009fr 000 0 fre d
035 _a(OCoLC)ocn613308731
040 _aTZT
_cTZT
020 _a9782262033750
029 0 _aTZT
_bJTL00272646
035 _a(OCoLC)613308731
072 7 _aHC
_2lcco
082 1 4 _a330
_21
049 _aGRAL
100 1 _aMarseille, Jacques.
245 1 2 _aL'argent des Francais :
_bles chiffres et les mythes /
_cJacques Marseille.
260 _aParis :
_bPerrin,
_c2010.
300 _a426 p.
490 1 _aTempus ;
_v331
653 _aFrench Socio-economic history
_aMoney
830 0 _aTempus ;
_v331.
938 _aJean Touzot Libraire Editeur
_bTOUZ
_nJTL00272646
_c10 EUR
942 _2lcc
_cbk
994 _aC0
_bDRFGD
946 _aJP
999 _c112000
_d112000